Kind of phobias (Record no. 2424)

MARC details
000 -LEADER
fixed length control field 00482nam a22001817a 4500
003 - CONTROL NUMBER IDENTIFIER
control field URS
005 - DATE AND TIME OF LATEST TRANSACTION
control field 20220114142132.0
008 - FIXED-LENGTH DATA ELEMENTS--GENERAL INFORMATION
fixed length control field 200106s2004 ph a|||| |||| 00| 0 eng d
020 ## - INTERNATIONAL STANDARD BOOK NUMBER
International Standard Book Number 9718170855
040 ## - CATALOGING SOURCE
Transcribing agency URS
Language of cataloging eng
Modifying agency rda
050 14 - LIBRARY OF CONGRESS CALL NUMBER
Classification number RC 535
Item number .T692 2004
100 ## - MAIN ENTRY--PERSONAL NAME
Personal name Torrenueva,C
245 10 - TITLE STATEMENT
Title Kind of phobias
Statement of responsibility, etc. C.Torrenueva
260 ## - PUBLICATION, DISTRIBUTION, ETC.
Place of publication, distribution, etc. Manila:
Name of publisher, distributor, etc. Palinsad General Merchandise;
Date of publication, distribution, etc. [2004]
300 ## - PHYSICAL DESCRIPTION
Extent ii 108 pages
Other physical details with illustration
Dimensions 17 cm
650 ## - SUBJECT ADDED ENTRY--TOPICAL TERM
Source of heading or term Phobia
942 ## - ADDED ENTRY ELEMENTS (KOHA)
Source of classification or shelving scheme Library of Congress Classification
Koha item type Filipiniana
Holdings
Withdrawn status Source of classification or shelving scheme Damaged status Not for loan Collection code Home library Current library Shelving location Date acquired Total Checkouts Full call number Barcode Date last seen Price effective from Koha item type
  Library of Congress Classification     Non-fiction Cainta College Library Cainta College Library On Display 01/11/2018   RC 535.T692 2004 URSCAI-2852 01/11/2018 01/11/2018 Filipiniana

University of Rizal System
Email us at univlibservices@urs.edu.ph

Visit our Website www.urs.edu.ph/library